000 00552nam a2200181Ia 4500
005 20250603145917.0
008 250603s9999 xx 000 0 und d
020 _a9789789418527
050 _aTH 1101 .I85/
100 _aIsiwu, Aguwa James
245 4 _aThe Nigerian Timber structures
260 _aZaria
260 _bAhmadu Bello University Press Ltd.
260 _c2016
300 _a112 p
650 _aZaria
942 _cBK
999 _c43217
_d43217